Historic preservation : curatorial management of the built world /

Bibliographic Details
Main Author: Fitch, James Marston
Format: Book
Language:English
Published: New York : McGraw-Hill, [1982]
Subjects:

MARC

Tag First Indicator Second Indicator Subfields
LEADER 00000pam a2200000 a 4500
001 in00000092366
005 20150923132122.0
008 800926s1982 nyua b 00110 engm
010 |a  80024793  
020 |a 0070211213 :  |c $24.95 
035 |a (OCoLC)06863245 
035 |9 AAK7450AM 
040 |a DLC  |c DLC  |d m.c.  |d TXA  |d UtOrBLW 
049 |a TXAM  |c [1482055] 
050 0 0 |a NA105  |b .F47 
082 0 |a 363.6/9  |2 19 
100 1 |a Fitch, James Marston. 
245 1 0 |a Historic preservation :  |b curatorial management of the built world /  |c James Marston Fitch. 
264 1 |a New York :  |b McGraw-Hill,  |c [1982] 
264 4 |c ©1982 
300 |a xii, 433 pages :  |b illustrations ;  |c 24 cm. 
336 |a text  |b txt  |2 rdacontent 
337 |a unmediated  |b n  |2 rdamedia 
338 |a volume  |b nc  |2 rdacarrier 
504 |a Includes bibliographical references and index. 
650 0 |a Architecture  |x Conservation and restoration. 
650 0 |a Historic buildings  |x Conservation and restoration. 
999 |a MARS 
999 f f |s b1bd8b4f-f60e-3f88-af35-7855994e146e  |i f4f29e67-8159-38c8-830c-3f76fc58ec93  |t 0 
952 f f |p normal  |a Texas A&M University  |b College Station  |c Sterling C. Evans Library  |d Evans: Library Stacks  |t 0  |e NA105 .F47  |h Library of Congress classification  |i unmediated -- volume  |m A14806007895 
998 f f |a NA105 .F47  |t 0  |l Evans: Library Stacks